Quick Pick: Expendables Cast Quiz Stats

 Plays Quiz Updated Jun 12, 2019

Support Sporcle.
Go Orange.
Score 0/10 Timer 01:30
0 Plays Today
% Correct
Arnold Schwarzenegger
93.3%
Sylvester Stallone
90.8%
Bruce Willis
89.7%
Jean-Claude van Damme
87%
Dolph Lundgren
85.4%
Jason Statham
85.3%
Chuck Norris
79.4%
Jet Li
76.8%
Mel Gibson
59.2%
Wesley Snipes
58.6%

Today's Daily Dose

You're not logged in!

Compare scores with friends on all Sporcle quizzes.
OR
Log In

From the Vault

Buffy Episode Fill-in-the-Blank

by sproutcm

How much about Buffy can you remember?
Remove Ads.
Support Sporcle.
Get the best of Sporcle when you Go Orange. This ad-free experience offers more features, more stats, and more fun while also helping to support Sporcle. Thank you for becoming a member.

Show Comments

Extras

Top Quizzes Today


Score Distribution

Your Account Isn't Verified!

In order to create a playlist on Sporcle, you need to verify the email address you used during registration. Go to your Sporcle Settings to finish the process.

Report this User

Report this user for behavior that violates our Community Guidelines.

Details: